ਸਲੀਬ ਤੇ ਟੰਗੀ ਤਿੱਤਲੀ : (Record no. 109955)

MARC details
000 -LEADER
fixed length control field 00974nam a22002537a 4500
005 - DATE AND TIME OF LATEST TRANSACTION
control field 20170123164145.0
010 ## - LIBRARY OF CONGRESS CONTROL NUMBER
LC control number B-095871
020 ## - INTERNATIONAL STANDARD BOOK NUMBER
Terms of availability 150.00
035 ## - SYSTEM CONTROL NUMBER
System control number B-095871
037 ## - SOURCE OF ACQUISITION
Source of stock number/acquisition Cen Lib/Ret
040 ## - CATALOGING SOURCE
Original cataloging agency DPL
Language of cataloging PN
082 ## - DEWEY DECIMAL CLASSIFICATION NUMBER
Classification number
Item number ਸ਼ਰਨ
100 ## - MAIN ENTRY--PERSONAL NAME
Personal name ਸ਼ਰਨ ਮੱਕੜ
9 (RLIN) 2233
245 ## - TITLE STATEMENT
Title ਸਲੀਬ ਤੇ ਟੰਗੀ ਤਿੱਤਲੀ :
Statement of responsibility, etc ਸ਼ਰਨ ਮੱਕੜ
Remainder of title ਕਹਾਣੀਆਂ /
246 ## - VARYING FORM OF TITLE
Title proper/short title Saleed te tangee titlee : stories /
Remainder of title by Sharan Makkar
260 ## - PUBLICATION, DISTRIBUTION, ETC. (IMPRINT)
Place of publication, distribution, etc ਅੰਮ੍ਰਿਤਸਰ
Name of publisher, distributor, etc ਲੌਕ ਸਾਹਿਤ ਪ੍ਰਕਾਸ਼ਨ
Date of publication, distribution, etc 2007
270 ## - ADDRESS
Address 186, ਗੀਨ ਔਵੀਨਿਊ
City ਅੰਮ੍ਰਿਤਸਰ
Postal code 143001
300 ## - PHYSICAL DESCRIPTION
Extent 120p ;
Dimensions 20cm
650 ## - SUBJECT ADDED ENTRY--TOPICAL TERM
Topical term or geographic name as entry element ਸਾਹਿਤ -- ਪੰਜਾਬੀ
9 (RLIN) 128563
650 ## - SUBJECT ADDED ENTRY--TOPICAL TERM
Topical term or geographic name as entry element ਪੰਜਾਬੀ-- ਕਹਾਣੀਆਂ
9 (RLIN) 128564
650 ## - SUBJECT ADDED ENTRY--TOPICAL TERM
Topical term or geographic name as entry element literature -- Punjabi
9 (RLIN) 128565
650 ## - SUBJECT ADDED ENTRY--TOPICAL TERM
Topical term or geographic name as entry element Punjabi - story
9 (RLIN) 128566
942 ## - ADDED ENTRY ELEMENTS (KOHA)
Source of classification or shelving scheme Dewey Decimal Classification
Koha item type Punjabi Bks
Classification part
Call number suffix ਸ਼ਰਨ
Holdings
Withdrawn status Lost status Damaged status Not for loan Home library Current library Date acquired Source of acquisition Cost, normal purchase price Total Checkouts Full call number Barcode Date last seen Date checked out Copy number Cost, replacement price Price effective from Koha item type
        Central Library Central Library 11/01/2016 Cen Lib/Ret 150.00 1 ਕ ਸ਼ਰਨ B-095871 30/10/2017 18/10/2017 1 150.00 11/01/2016 Punjabi Bks

© Delhi Public Library
Hit Counter
free hit counter